000 00722nam a22002177a 4500
005 20140310183634.0
008 131123b xxu||||| |||| 00| 0 eng d
020 _a9780415873444
050 _aBF 637.B85
_b.L67 2011
100 _aLosey, Butch.
245 _aBullying, suicide, and homicide :
_bunderstanding, assessing, and preventing threats to self and others for victims of bullying /
_cButch Losey.
260 _aNew York :
_bRoutledge,
_c2011.
300 _a159 p. :
_bill. ;
_e1 CD-ROM.
_c24 cm.
504 _aIncludes Bibliographic References and Index.
521 _aPSYCH
650 _aBullying.
650 _aBullying
_xPrevention.
650 _aSuicide.
942 _2lcc
_cBK
_kFOR
999 _c25676
_d25676